| 000 | 00590cam a2200217 i 4500 | ||
|---|---|---|---|
| 001 | 4579245 | ||
| 003 | OSt | ||
| 005 | 20160310170128.0 | ||
| 008 | 750903s1975 nyu 000 1 eng | ||
| 010 | _a 75005262 | ||
| 020 | _a0385010715 | ||
| 040 | _aSEKU | ||
| 050 | 0 | 0 |
_aPR 6015 _b.H6 |
| 082 | 0 | 0 | _a823/.9/14 |
| 100 | 1 |
_aHolt, Victoria, _d1906-1993. |
|
| 245 | 1 | 0 |
_aLord of the Far Island / _cby Victoria Holt [i.e. E. Hibbert]. |
| 260 |
_aGarden City, N.Y. : _bDoubleday, _c1975. |
||
| 300 |
_a277 p. ; _c22 cm. |
||
| 655 | 7 |
_aRomantic suspense novels. _2gsafd |
|
| 942 |
_2lcc _cGEN |
||
| 999 |
_c12001 _d12001 |
||